Personálne riadenie s uplatnením automatizovaného systému riadenia v podnikoch výroby stavebných látok kandidátska dizertačná práca

Guardado en:
Detalles Bibliográficos
Autor principal: Sokolík, Alojz
Autor Corporativo: Vysoká škola ekonomická v Bratislave. Fakulta riadenia
Otros Autores: Romančík, Ľudovít
Formato: Libro
Lenguaje:eslovaco
Publicado: Bratislava 1979
Etiquetas: Agregar Etiqueta
Sin Etiquetas, Sea el primero en etiquetar este registro!

MARC

LEADER 00000nam a2200000 4500
001 0222356
005 20240822101700.8
041 0 |a slo 
044 |a SK 
245 1 0 |a Personálne riadenie s uplatnením automatizovaného systému riadenia v podnikoch výroby stavebných látok  |b kandidátska dizertačná práca  |c Alojz Sokolík ; školiteľ: Ľudovít Romančík 
264 1 |a Bratislava  |c 1979 
300 |a 170 s. 
100 1 |a Sokolík, Alojz 
700 1 |a Romančík, Ľudovít 
710 2 |a Vysoká škola ekonomická v Bratislave. Fakulta riadenia